Stumble Guys: Orange Skins - Statistics

General Stats
  • This quiz has been taken 18 times
  • The average score is 3 of 20
Answer Stats
Picture Answer % Correct
Mr. Stumble
75%
Mr. Invisible
63%
Laser Shark
38%
Orange Martian
25%
Pixel Guy
25%
Athena
13%
Fireman Ash
13%
Fools Guy
13%
Goblin Mech
13%
Marshmallow
13%
Podcaster Mia
13%
Rabbid Guy
13%
Diver Cameron
0%
Hen Solo
0%
Jack Lantern
0%
Meridius
0%
Pioneer
0%
Scratchy
0%
Stumblenaut
0%
Winter Sweet
0%
No matching quizzes found
Score Distribution
Percent of People with Each Score
Percentile by Number Answered
Your Score History
You have not taken this quiz